000 00469nam a2200121 a 4500
008 091211s9999 xx |||||||||||||| || u
050 _aPAPERS/STAFF
100 _aDickson, W. L
245 1 0 _aLand and development problems: the Botswana example
350 _a0.00
650 _aLAND DEVELOPMENT--BOTSWANA
995 _D0.00
_FCBU-MAIN LIBRARY (Kitwe)
_H1
_I0.00
_M1
_UAVAILABLE
_WDec 11, 2009
_ZUniversity Collection
999 _c48768
_d48768